000 00554nam a2200229 a 4500
001 nice12345678
003 IN_TiNIC
005 20260116013123.0
008 070829s1996 lona grp 000 0 eng
020 _a
_c100
082 0 0 _a305.480201
_bCLA1
100 _aClarke, Elizabeth
245 _aWomen and Religion
260 _aLondon
_bHarper Collins
_c1996
300 _a386p
500 _aincludes index and biblioraphy
650 _aWomen in Christianity
700 1 _aClarke, Elizabeth
902 _bSRS
942 _cBK
999 _c9735
_d9735